| 000 | 00920cab a2200265 4500 | ||
|---|---|---|---|
| 001 | ABS53141 | ||
| 008 | 090401t1995 xxu||||| |||| 00| 0 eng d | ||
| 035 | _a(Sirsi) u2355 | ||
| 041 | _aeng | ||
| 245 | _aOttewell (VO) v BP Exploration Operating Co Ltd | ||
| 260 | _c1995 | ||
| 350 | _a0 | ||
| 490 |
_aRating Appeals _v(1995) RA 22-38(9) |
||
| 520 | _aLT 15 December 1994. Upheld that the pipelines were exempt from rates under the Valuation for Rating (Plant and Machinery) Regulations 1989, as the pipe was situated within a mineral field. | ||
| 650 | _aMINERAL FIELDS | ||
| 650 | _aOTTEWELL (VO) V BP EXPLORATION OPERATING CO LTD | ||
| 650 | _aPIPELINES | ||
| 650 | _aPLANT AND MACHINERY | ||
| 650 | _aRATEABILITY | ||
| 650 | _aRATING APPEALS | ||
| 650 | _aVALUATION FOR RATING (PLANT AND MACHINERY) REGULATIONS 1989 | ||
| 690 | _aRATING AND VALUATION-CASE LAW | ||
| 942 | _n0 | ||
| 948 | _c04/03/1997 | ||
| 999 |
_c1421 _d1421 |
||